| 000 | 00454nam a22001697a 4500 | ||
|---|---|---|---|
| 005 | 20251126114158.0 | ||
| 008 | 251126b |||||||| |||| 00| 0 eng d | ||
| 020 | _a978-1-133-73435-2 | ||
| 100 | _aAUFMAMANN, RICHARD N. | ||
| 245 |
_aINTRODUCTORY ALGEBRA _bAN APPLIED APPROACH |
||
| 250 | _a9TH ED | ||
| 260 |
_bBROOKS /COLE CENGAGE LEARNING _c2014 |
||
| 300 | _aXXVII,565P. | ||
| 500 | _aINCLUDES INDEX | ||
| 650 | _a1. ALGEBRA | ||
| 942 |
_2lcc _cBK |
||
| 999 |
_c216293 _d216293 |
||